000 00360nam a2200133Ia 4500
008 231129s9999||||xx |||||||||||||| ||spa||
020 _a970-10-3573-9
040 _bspa
082 _a670 S314p
100 _aSchey John A.
245 0 _aProcesos de manufactura
264 _aMcGraw-Hill/Interamericana
942 _2ddc
_cBKS
999 _c23295
_d23295